[Event "IRI-ch Online"]
[Site "Chess.com INT"]
[Date "2021.03.17"]
[Round "5"]
[White "Mari Ooriad, Pouya"]
[Black "Shool, Iliya"]
[Result "1/2-1/2"]
[WhiteElo "2222"]
[BlackElo "1432"]
[PlyCount "102"]
[EventDate "2021.03.15"]
[EventType "swiss (rapid)"]
[EventRounds "11"]
[EventCountry "IRI"]
[SourceTitle "CBM 201 Extra"]
[Source "ChessBase"]
[SourceDate "2021.05.31"]
[SourceVersion "1"]
[SourceVersionDate "2021.05.31"]
[SourceQuality "1"]

1. Nf3 Nf6 2. c4 g6 3. b4 Bg7 4. Bb2 0-0 5. e3 c6 6. Be2 d5 7. 0-0 Bg4 8. h3 Bxf3 9. Bxf3 dxc4 10. Na3 Nd5 11. Bxg7 Kxg7 12. Nxc4 b5 13. Bxd5 cxd5 14. Na5 Qd6 15. Qb3 Nd7 16. Rac1 Rfc8 17. Rc3 Rxc3 18. Qxc3+ f6 19. Rc1 Nb6 20. Qd4 Nc4 21. Nb3 e5 22. Qc3 Rc8 23. d3 Nb6 24. Nc5 Kf7 25. Qa3 Na4 26. Nxa4 Rxc1+ 27. Qxc1 bxa4 28. a3 Ke7 29. Qc8 Qd7 30. Qc5+ Ke6 31. Kf1 a6 32. Ke2 Kf7 33. Kd2 g5 34. Qb6 Qb5 35. Qc7+ Kg6 36. g4 e4 37. Qc3 Qd7 38. Qd4 Qe6 39. Qc5 exd3 40. Qd4 Qe5 41. Qxd3+ Kg7 42. Qc3 Qh2 43. Ke1 Qh1+ 44. Ke2 Qxh3 45. Qd4 Qh1 46. Qa7+ Kg6 47. Qa8 Kg7 48. Qb7+ Kg6 49. Qc8 Qe4 50. Qg8+ Kh6 51. Qf8+ Kg6 1/2-1/2

[Event "IRI-ch U18"]
[Site "Chess.com INT"]
[Date "2021.01.26"]
[Round "4"]
[White "Alizadeh, Mohammad Mahdi"]
[Black "Shool, Iliya"]
[Result "1-0"]
[WhiteElo "1856"]
[BlackElo "1432"]
[PlyCount "97"]
[EventDate "2021.01.26"]
[EventType "swiss"]
[EventRounds "9"]
[EventCountry "IRI"]
[SourceTitle "CBM 200 Extra"]
[Source "ChessBase"]
[SourceDate "2021.03.31"]
[SourceVersion "1"]
[SourceVersionDate "2021.03.31"]
[SourceQuality "1"]

1. Nf3 Nf6 2. c4 g6 3. b4 Bg7 4. Bb2 0-0 5. g3 b6 6. Bg2 Bb7 7. 0-0 a5 8. b5 d5 9. cxd5 Bxd5 10. Nc3 Bb7 11. Rc1 Nbd7 12. d4 c5 13. bxc6 Bxc6 14. Ba1 b5 15. d5 Bb7 16. Nxb5 Bxd5 17. Nc7 Bxf3 18. Bxf3 Rc8 19. Nb5 Qb6 20. a4 Rfd8 21. Bd4 Qb8 22. Qe1 Rxc1 23. Qxc1 Nb6 24. Qa3 e5 25. Bc3 e4 26. Bg2 Nc4 27. Qa1 Qb6 28. Rc1 Re8 29. e3 Rc8 30. Bd4 Qe6 31. Bf1 Nd6 32. Rxc8+ Nxc8 33. Qc3 Nd5 34. Qxa5 Bxd4 35. Nxd4 Qd6 36. Nb5 Qc6 37. Qd8+ Kg7 38. Nd4 Qa8 39. Bb5 Nf6 40. Kg2 Qb7 41. a5 Na7 42. Qb6 Qe7 43. a6 Nd5 44. Qb7 Qc5 45. Be8 Ne7 46. h3 Kf8 47. Bb5 Kg7 48. Be2 Nf5 49. Ne6+ 1-0

[Event "IRI-ch U18"]
[Site "Chess.com INT"]
[Date "2021.01.26"]
[Round "6"]
[White "Shool, Iliya"]
[Black "Sardari, Parsa"]
[Result "0-1"]
[WhiteElo "1432"]
[BlackElo "1512"]
[PlyCount "116"]
[EventDate "2021.01.26"]
[EventType "swiss"]
[EventRounds "9"]
[EventCountry "IRI"]
[SourceTitle "CBM 200 Extra"]
[Source "ChessBase"]
[SourceDate "2021.03.31"]
[SourceVersion "1"]
[SourceVersionDate "2021.03.31"]
[SourceQuality "1"]

1. e4 c5 2. Nf3 e6 3. d4 cxd4 4. Nxd4 Qb6 5. Nb3 Nf6 6. Bd3 Be7 7. 0-0 0-0 8. Nc3 a6 9. Be3 Qc7 10. f4 Nc6 11. e5 Ne8 12. Rf3 f5 13. exf6 Nxf6 14. Rh3 d5 15. Rg3 Bd6 16. Qd2 d4 17. Nxd4 Nxd4 18. Bxd4 Bxf4 19. Qf2 Bxg3 20. hxg3 Ng4 21. Bxh7+ Kxh7 22. Qxf8 e5 23. Bf2 Rb8 24. Ne4 Bd7 25. Qf7 Nh6 26. Ng5+ Kh8 27. Qh5 Bg4 28. Qg6 Bf5 29. Qh5 Qe7 30. Be3 Kg8 31. Rf1 Rf8 32. Nh3 Bg4 33. Rxf8+ Kxf8 34. Qg5 Qd6 35. Nf2 Bd7 36. Nd3 Nf7 37. Qh4 b6 38. Qc4 Bb5 39. Qc8+ Ke7 40. Qc3 a5 41. Nf2 Bc6 42. Bxb6 Ke8 43. Bxa5 Qd5 44. Qf3 Qb5 45. Qa3 Qd5 46. Kf1 Qxg2+ 47. Ke1 Qg1+ 48. Ke2 Bb5+ 49. Kf3 e4+ 50. Nxe4 Qh1+ 51. Kf4 Qf1+ 52. Qf3 Qc1+ 53. Qe3 Qf1+ 54. Nf2+ Kf8 55. Bb4+ Kg8 56. Qe8+ Bxe8 57. Ke3 Bb5 58. b3 Qe2+ 0-1